01042 a2200205 4500003000500000005001700005010001700022020001500039035002300054040000900077082001600086100002400102245010100126260006100227300004200288505040500330650004200735700003000777700002900807Nust20221115122108.0 a 2004272415 a0130085197 a(OCoLC)ocm54345501 cNust a621.367,GON1 aGonzalez, Rafael C.10aDigital Image processing using MATLAB /cRafael C. Gonzalez, Richard E. Woods, Steven L. Eddins. aUpper Saddle River, NJ :bPearson/Prentice Hall,cc2004. axiv, 609 p. :bill., charts ;c25 cm. aIntroduction (Page-1), Fundamental (Page-12), Intensity transformations and spatial (Page-65), Frequency domain processing (Page-108), Image restoration (Page-141), Color image processsing (Page-194), Wavelets (Page-242), Image Compression (Page-282), Morphological image processing (Page-334), Image segmentation (Page-378), Representation and description (Page-426), Object recognition (Page-484),  0aImage processingxDigital techniques.1 aEddins, Steven L.,d1964-1 aWoods, Richard E.d1954-